000 00844nam a22002417a 4500
999 _c5511
_d5511
003 AR-CdUCM
008 190312b ||||| |||| 00| 0 spa d
040 _aMUNICIPALIDAD PROVINCIAL DEL CUSCO
_cBIBLIOTECA MUNICIPAL DEL CUSCO
041 _heng
082 _a970.1 /
_bW81
100 _aWissler, Clark,
_916527
245 _aLos indios de los Estados Unidos de América /
260 _aBuenos Aires :
_bPaidos,
_c1966.
300 _a398 paginas ;
_bIlustraciones,
_c19 cm.
500 _aTitulo original :Indians of the United States
505 _aEl indio en la América prehistórica -- Las grandes familias indias -- La vida india en general.
650 _aEstados Unidos
_91805
650 _aFamilias indias
_916528
650 _aHistoria
_9246
700 _aPirk, Andrés (Traductor)
_916529
942 _2ddc
_cLIBROS
945 _awnts